212th Attack Battalion - Statistics

General Stats
  • This quiz has been taken 46 times
    15 since last reset
  • The average score is 11 of 21
Answer Stats
Hint Answer % Correct
Trooper Boil
100%
Marshal Commander Cody
100%
Lieutenant Waxer
90%
General Obi-Wan Kenobi
80%
Trooper Longshot
60%
Trooper Crys
50%
Trooper Gearshift
50%
Commando Captain Gregor
50%
Pilot Commander Oddball
50%
ARF Trooper Trapper
50%
Trooper Wooley
50%
Sergeant Barlex
40%
Trooper Nova
40%
Trooper Threepwood
40%
Trooper Wyler
40%
Trooper Airo
30%
Trooper Cale
30%
Trooper Eyeball
30%
Trooper Peel
30%
Flight Crew/Trooper Switch
30%
Trooper Reed
20%
No matching quizzes found
Score Distribution
Percent of People with Each Score
Percentile by Number Answered
Your Score History
You have not taken this quiz since the last reset